000 01564cam a22002294a 4500
005 20250605163923.0
008 250528s ||||||||||||||||||||||||d
035 _a14463
020 _a155798557
040 _aGR-AtMCL
_bgre
_dGR-AtMCL
_eAACR2
245 1 _aThe Heart and Soul of Change / What Works in Therapy
250 _a7th
260 _bAddison-Wesley Publishing Company,
_c2004
300 _a466
520 _aThis book transcends the therapy wars and advances a mature peace in which effective psychotherapy and suffering clients are the victors. Preface, Introduction, Empirical Foundations, The Empirical Case for the Common Factors in Therapy: Quantitative Findings, Qualitative Inquiry in Psychotherapy: Research on the Common Factors, The Common Factors: Extra-Therapeutic Change and the Therapeutic Relationship and Expectancy and Therapeutic Technique, The Client as a Common Factor: Clients as Self-Healers, The Therapeutic Relationship, Hope as a Psychotherapeutic Foundation of Common Factors and Placebos and Expectancies, The Contribution of Models and Techniques to Therapeutic Efficacy: Contradictions Between Professional Trends and Clinical Research, Special Applications of the Common Factors, Common Psychosocial Factors in Psychiatric Drug Therapy, Common Factors of School-Based Change, Implications of the Common Factors for Reimbursement Policy and Practice, Index.
700 1 _aDuncan Barry L
_9139
700 1 _aHubble Mark A
_9140
700 1 _aMiller Scott A
_9141
942 _cBK
999 _c93
_d93